Success in SPM Physics

Bibliographic Details
Main Author: Yee,Sunny
Format: Book
Published: Petaling Jaya : Star Publication (M) BERHAD , 2008
Subjects:

MARC

LEADER 00000cam a2200000 7i4500
001 0000028657
005 20100209.0
008 091216
020 |a 9839512298 
090 0 0 |a 530.076   |b YEE 
100 1 |a Yee,Sunny 
245 1 0 |a Success in SPM Physics   |c by Sunny Yee 
260 |a Petaling Jaya :   |b Star Publication (M) BERHAD ,   |c 2008 
650 0 |a Physics   |x Problems,exercises,etc. 
999 |a 0001039712   |b Book   |c REFERENCE   |e Perbadanan Perpustakaan Awam Johor